• 首页
  • 本馆介绍
  • 公告通知
  • 最新文献
  • 馆藏检索
  • 电子资源
  • 读者导购
  • 参考咨询
  • 我的图书馆
  • 登录
  • 详细信息显示
  • 放入我的书架
  • 预约/预借图书
  • 作者相关作品
  • 分类相关作品
  • 丛书相关作品
  • 出版社相关作品

书目信息

  • 表格格式
  • 工作单格式
  • 卡片格式
题名:
小型电子监探装置制作
    
 
作者: Bead Graham , Kathy McGowan
分册:  
出版信息: 北京   科学出版社  2007
页数: 288
开本: 20
丛书名:
单 册:
中图分类: TN164
科图分类:
主题词: 电子光学--光学仪器
电子资源:
ISBN: 978-7-03-018822-9
000 00592nam0 2200193 450
001 202410182632723134
005 20241018170737.55
010    @a978-7-03-018822-9@d36
100    @a20241018d km y0chiy0120 ea
101 0  @achi
200 1  @a小型电子监探装置制作@AXiao Xing Dian Zi Jian Tan Zhuang Zhi Zhi Zuo@fBead Graham,Kathy McGowan
210    @a北京@c科学出版社@d2007
215    @a288@d20
606 0  @a电子光学@x光学仪器
690    @aTN164@v4
701  0 @aBead Graham
701  0 @aKathy McGowan
801  0 @aCN@b大连网信软件有限公司图书馆·11@c20241018
905    @aZUCC@b7202210@dTN164@e51
    
    小型电子监探装置制作/Bead Graham,Kathy McGowan.-北京:科学出版社,2007
    288;20
    
    
    ISBN 978-7-03-018822-9:36
    
●
相关链接 在E读中查询图书 在五车中查询图书 在当当中查询图书 在豆瓣中查询图书


正题名:小型电子监探装置制作     索取号:TN164/51         预约/预借

序号 登录号 条形码 馆藏地/架位号 状态 备注
唐山师范学院图书馆 欢迎您!
大连网信软件有限公司© 版权所有